LEADER 01240nam a2200337 i 4500 001 991000856119707536 005 20020507174624.0 008 970604s1969 us ||| | eng 020 $a0828402191 035 $ab10766881-39ule_inst 035 $aLE01303368$9ExL 040 $aDip.to Matematica$beng 082 0 $a510.9 084 $aAMS 15A33 100 1 $aHamilton, William Rowan$047521 245 10$aElements of quaternions /$cby the late sir William Rowan Hamiton ; edited by Charles Jasper Joly 250 $a[3d ed.] 260 $aNew York :$bChelsea Publ. Co.,$cc1969 300 $a2 v. ;$c24 cm 500 $aBibliographical footnotes 650 0$aMatrices 650 0$aQuaternions 650 0$aVector analysis 700 1 $aJoly, Charles Jasper 907 $a.b10766881$b23-04-13$c28-06-02 912 $a991000856119707536 945 $aLE013 01A75 HAM21 V.I (1969)$cV. 1$g1$i2013000085456$lle013$o-$pE0.00$q-$rl$s- $t0$u0$v0$w0$x0$y.i10863114$z28-06-02 945 $aLE013 01A75 HAM21 V.II (1969)$cV. 2$g1$i2013000085463$lle013$o-$pE0.00$q-$rl$s- $t0$u0$v0$w0$x0$y.i10863126$z28-06-02 996 $aElements of quaternions$9923389 997 $aUNISALENTO 998 $ale013$b01-01-97$cm$da $e-$feng$gus $h0$i2 LEADER 01581nas--2200445-n-450 001 990009044700403321 005 20240229084533.0 011 $a0035-2004 035 $a000904470 035 $aFED01000904470 035 $a(Aleph)000904470FED01 035 $a000904470 091 $2CNR$aP 00058224 100 $a20090724a18999999km-y0itaa50------ba 101 0 $afre 102 $aFR 110 $aauu-------- 200 1 $aRevue des études anciennes 207 1$a1899- 210 $aParis ; Bordeaux ; Marseille$cFeret 530 0 $aRevue des études anciennes 540 1 $aREA 675 $a82 675 $a931 675 $a931 675 $a008 676 $a909 676 $a930.05 676 $a880 712 02$aUniversité de Bordeaux 801 0$aIT$bACNP$c20090723 859 4 $uhttp://acnp.cib.unibo.it/cgi-ser/start/it/cnr/dc-p1.tcl?catno=39683&person=false&language=ITALIANO&libr=&libr_th=unina1$zBiblioteche che possiedono il periodico 901 $aSE 912 $a990009044700403321 958 $aBRAU. Biblioteca di Ricerca di Area Umanistica$b1923-1962;1964-$c1925;1927-1929;$eFRANCIA 12$fFLFBC 959 $aFLFBC 996 $aRevue des études anciennes$9787942 997 $aUNINA AP1 8 $6866-01$aNA072 BRAU. Biblioteca di Ricerca di Area Umanistica$bFRANCIA 12$ePiazza Bellini 56/60, 80133 Napoli (NA)$m(081) 2533948$nit AP2 40$aacnp.cib.unibo.it$nACNP Italian Union Catalogue of Serials$uhttp://acnp.cib.unibo.it/cgi-ser/start/it/cnr/df-p.tcl?catno=39683&language=ITALIANO&libr=&person=&B=1&libr_th=unina&proposto=NO